| 000 | 00399nam a2200145 4500 | ||
|---|---|---|---|
| 005 | 20251027112035.0 | ||
| 008 | 251027b |||||||| |||| 00| 0 eng d | ||
| 020 | _a9781538719831 | ||
| 082 | _aDFic B19 2022 | ||
| 100 |
_aBaldacci, David. _968982 |
||
| 245 |
_aLong shadows / _cDavid Baldacci. |
||
| 260 |
_aNew York : _bGrand Central, _c©2022. |
||
| 300 |
_a496 pages ; _c19 cm. |
||
| 942 |
_2ddc _cDFIC |
||
| 999 |
_c24103 _d24103 |
||